Applied science periodical : (Record no. 25854)

MARC details
000 -LEADER
fixed length control field 01119cas a2200325 a 4500
001 - CONTROL NUMBER
control field 11779732
005 - DATE AND TIME OF LATEST TRANSACTION
control field 20030226101419.0
008 - FIXED-LENGTH DATA ELEMENTS--GENERAL INFORMATION
fixed length control field 990715c19999999ii qr p 0 0eng
010 ## - LIBRARY OF CONGRESS CONTROL NUMBER
LC control number 99935446
025 ## - OVERSEAS ACQUISITION NUMBER
Overseas acquisition number I-D-E-99-935446; 45; 34
035 ## - SYSTEM CONTROL NUMBER
System control number (OCoLC)ocm41885433
037 ## - SOURCE OF ACQUISITION
Source of stock number/acquisition Applied Science Periodical, Siwan 841226
040 ## - CATALOGING SOURCE
Original cataloging agency DLC
Transcribing agency DLC
042 ## - AUTHENTICATION CODE
Authentication code lc
050 ## - LIBRARY OF CONGRESS CALL NUMBER
Classification number QA1
Item number .A6476
245 ## - TITLE STATEMENT
Title Applied science periodical :
Remainder of title a periodical devoted to mathematical and natural sciences.
260 ## - PUBLICATION, DISTRIBUTION, ETC. (IMPRINT)
Place of publication, distribution, etc Siwan :
Name of publisher, distributor, etc J.B. Prasad, Kumar Pankaj
Date of publication, distribution, etc 1999-
300 ## - PHYSICAL DESCRIPTION
Extent v. ;
Dimensions 24 cm.
310 ## - CURRENT PUBLICATION FREQUENCY
Current publication frequency Four issues a year
362 ## - DATES OF PUBLICATION AND/OR SEQUENTIAL DESIGNATION
Dates of publication and/or sequential designation Vol. 1, no. 1 (Feb. 1999)-
500 ## - GENERAL NOTE
General note Title from cover.
650 ## - SUBJECT ADDED ENTRY--TOPICAL TERM
Topical term or geographic name as entry element Mathematics
Form subdivision Periodicals.
650 ## - SUBJECT ADDED ENTRY--TOPICAL TERM
Topical term or geographic name as entry element Science
Form subdivision Periodicals.
270 ## - ADDRESS
Address Nirala Nagar
City Siwan
Postal code 841226
Telephone number 9430205349
Fax number 06154-243832
Electronic mail address aspsiwan_1999@yahoo.co.in
906 ## - LOCAL DATA ELEMENT F, LDF (RLIN)
a 7
b cbc
c serials
d 3
e ncip
f 19
g n-oclcserc
942 ## - ADDED ENTRY ELEMENTS (KOHA)
Source of classification or shelving scheme Dewey Decimal Classification
Item type Periodicals
Serial record 1
Holdings
Withdrawn status Lost status Source of classification or shelving scheme Damaged status Not for loan Collection code Home library Current library Date acquired Total Checkouts Date last seen Price effective from Koha item type
    Dewey Decimal Classification   Not For Loan Non-fiction D.B.Act.Division D.B.Act.Division 23/04/2009   23/04/2009 23/04/2009 Periodicals

© Delhi Public Library
Hit Counter
free hit counter